Vista normal
Vista MARC
Entrada Nombre personal
Número de registros utilizados en: 5
001 - NÚMERO DE CONTROL
- Campo de control: 37226
003 - IDENTIFICADOR DE NÚMERO DE CONTROL
- Campo de control: OSt
005 - FECHA Y HORA DE LA ULTIMA MODIFICACION
- Campo de control: 20151103171358.0
008 - ELEMENTOS DE DATOS DE LONGITUD FIJA
- Campo de longitud fija: 151103|| aca||aabn | a|a d
040 ## - FUENTE DE LA CATALOGACIÓN
- Agencia original de catalogación: OSt
100 1# - ENCABEZAMIENTO--NOMBRE DE PERSONA
- Nombre personal: McEwan, Ian
400 1# - TRAZADO VEÁSE--NOMBRE DE PERSONA
- Nombre personal: McEwan, Ian Russell
400 1# - TRAZADO VEÁSE--NOMBRE DE PERSONA
- Nombre personal: Mikīwān, Iyān
670 ## - FUENTE DE DATOS ENCONTRADOS
- Fuente de citación: Fichero de Autoridades Virtual Internacional, 03-11-2015